[Event "EYCC 2024 - G14"]
[Site "?"]
[Date "2024.08.23"]
[Round "2.1"]
[White "Buchtova, Viktorie"]
[Black "Vujovic, Vera"]
[Result "0-1"]
[BlackElo "2175"]
[WhiteElo "1854"]
[LiveChessVersion "1.4.8"]

1. e4 {[%clk 1:30:57]} e5 {[%clk 1:30:55]} 2. Nf3 {[%clk 1:31:23]} Nc6
{[%clk 1:31:16]} 3. Bb5 {[%clk 1:31:48]} a6 {[%clk 1:31:41]} 4. Ba4
{[%clk 1:32:15]} Nf6 {[%clk 1:32:07]} 5. O-O {[%clk 1:32:40]} b5 {[%clk 1:32:35]}
6. Bb3 {[%clk 1:33:06]} Bc5 {[%clk 1:33:01]} 7. c3 {[%clk 1:33:31]} d6
{[%clk 1:33:28]} 8. d4 {[%clk 1:32:59]} Bb6 {[%clk 1:33:52]} 9. a4
{[%clk 1:33:04]} Rb8 {[%clk 1:34:14]} 10. Be3 {[%clk 1:31:45]} Bg4
{[%clk 1:23:17]} 11. d5 {[%clk 1:17:07]} Ne7 {[%clk 1:22:08]} 12. Nbd2
{[%clk 1:14:38]} O-O {[%clk 1:17:19]} 13. Bxb6 {[%clk 1:03:36]} Rxb6
{[%clk 1:16:58]} 14. axb5 {[%clk 1:01:57]} axb5 {[%clk 1:17:17]} 15. Qe2
{[%clk 1:01:49]} Nh5 {[%clk 1:03:30]} 16. g3 {[%clk 0:58:51]} Qd7
{[%clk 0:51:35]} 17. Ra5 {[%clk 0:56:11]} f5 {[%clk 0:40:59]} 18. Qe3
{[%clk 0:51:02]} f4 {[%clk 0:30:09]} 19. Qd3 {[%clk 0:49:48]} Bh3
{[%clk 0:29:34]} 20. Rfa1 {[%clk 0:46:44]} Qg4 {[%clk 0:25:51]} 21. Nxe5
{[%clk 0:39:36]} Qg5 {[%clk 0:21:59]} 22. Nef3 {[%clk 0:23:33]} Qg6
{[%clk 0:21:35]} 23. Nh4 {[%clk 0:22:45]} Qf6 {[%clk 0:20:42]} 24. Qd4
{[%clk 0:22:13]} Qh6 {[%clk 0:13:43]} 25. Ra8 {[%clk 0:17:33]} Nc8
{[%clk 0:11:23]} 26. Ndf3 {[%clk 0:15:42]} g5 {[%clk 0:00:59]} 27. Nf5
{[%clk 0:15:20]} Bxf5 {[%clk 0:01:23]} 28. exf5 {[%clk 0:15:42]} Nf6
{[%clk 0:00:50]} 29. Re1 {[%clk 0:12:01]} g4 {[%clk 0:00:36]} 30. Nh4
{[%clk 0:11:51]} f3 {[%clk 0:00:37]} 31. Qe3 {[%clk 0:11:01]} Qxe3
{[%clk 0:00:50]} 32. Rxe3 {[%clk 0:11:23]} Kf7 {[%clk 0:00:34]} 33. h3
{[%clk 0:10:55]} h5 {[%clk 0:00:47]} 34. hxg4 {[%clk 0:07:13]} hxg4
{[%clk 0:01:15]} 35. Ng6 {[%clk 0:07:19]} Rg8 {[%clk 0:00:59]} 36. Nf4
{[%clk 0:05:20]} Ne7 {[%clk 0:00:32]} 37. Rxg8 {[%clk 0:05:08]} Nfxg8
{[%clk 0:00:37]} 38. Ne6 {[%clk 0:03:56]} Ra6 {[%clk 0:00:34]} 39. Re1
{[%clk 0:01:04]} Ra7 {[%clk 0:00:37]} 40. Nd4 {[%clk 0:00:58]} Ra5
{[%clk 0:00:39]} 41. Kh2 {[%clk 0:00:35]} Nc8 {[%clk 0:00:34]} 42. Re4
{[%clk 0:00:33]} Nf6 {[%clk 0:00:45]} 43. Re1 {[%clk 0:00:34]} Nd7
{[%clk 0:00:33]} 44. Nc6 {[%clk 0:00:36]} Ra8 {[%clk 0:00:48]} 45. Re4
{[%clk 0:01:00]} Nc5 {[%clk 0:00:43]} 46. Rb4 {[%clk 0:00:51]} Ra1
{[%clk 0:00:48]} 47. Rxb5 {[%clk 0:00:31]} Rf1 {[%clk 0:00:43]} 48. Nd4
{[%clk 0:00:33]} Rxf2+ {[%clk 0:01:03]} 49. Kg1 {[%clk 0:00:59]} Rg2+
{[%clk 0:01:00]} 50. Kf1 {[%clk 0:01:17]} Ne4 {[%clk 0:00:59]} 51. Bd1
{[%clk 0:00:32]} Nxg3+ {[%clk 0:01:12]} 52. Ke1 {[%clk 0:00:58]} f2+
{[%clk 0:01:30]} 53. Kd2 {[%clk 0:01:25]} f1=Q+ {[%clk 0:01:50]} 0-1

[Event "EYCC 2024 - G14"]
[Site "?"]
[Date "2024.08.23"]
[Round "2.2"]
[White "Kuznecova, Marija"]
[Black "Castagnerol, Cerise"]
[Result "1-0"]
[BlackElo "1845"]
[WhiteElo "2174"]
[LiveChessVersion "1.4.8"]

1. e4 {[%clk 1:30:58]} e6 {[%clk 1:30:49]} 2. d4 {[%clk 1:31:21]} d5
{[%clk 1:31:12]} 3. Nc3 {[%clk 1:31:43]} Nf6 {[%clk 1:31:14]} 4. e5
{[%clk 1:32:03]} Nfd7 {[%clk 1:31:35]} 5. f4 {[%clk 1:32:16]} c5 {[%clk 1:31:54]}
6. Nf3 {[%clk 1:32:39]} Nc6 {[%clk 1:32:00]} 7. Be3 {[%clk 1:32:56]} a6
{[%clk 1:31:38]} 8. Qd2 {[%clk 1:32:39]} b5 {[%clk 1:31:05]} 9. a3
{[%clk 1:31:53]} Qa5 {[%clk 1:30:15]} 10. dxc5 {[%clk 1:31:22]} Bxc5
{[%clk 1:29:41]} 11. Bxc5 {[%clk 1:22:13]} Nxc5 {[%clk 1:29:39]} 12. Nd4
{[%clk 1:17:52]} Nxd4 {[%clk 1:16:05]} 13. Qxd4 {[%clk 1:18:08]} Na4
{[%clk 1:15:58]} 14. Qb4 {[%clk 1:11:49]} Qxb4 {[%clk 1:12:25]} 15. axb4
{[%clk 1:11:36]} Nxc3 {[%clk 1:12:35]} 16. bxc3 {[%clk 1:11:57]} Bb7
{[%clk 1:11:33]} 17. Kd2 {[%clk 1:08:55]} Rc8 {[%clk 1:09:44]} 18. Bd3
{[%clk 1:01:24]} O-O {[%clk 1:08:20]} 19. Rhf1 {[%clk 0:56:54]} Rfd8
{[%clk 1:03:38]} 20. Ke3 {[%clk 0:55:20]} f6 {[%clk 0:37:08]} 21. Kd4
{[%clk 0:47:33]} f5 {[%clk 0:36:02]} 22. h3 {[%clk 0:46:37]} Kh8 {[%clk 0:33:43]}
23. g4 {[%clk 0:43:11]} g6 {[%clk 0:33:30]} 24. Rg1 {[%clk 0:41:49]} Rd7
{[%clk 0:29:46]} 25. Rg3 {[%clk 0:38:26]} Rdc7 {[%clk 0:28:14]} 26. Rag1
{[%clk 0:33:09]} Rxc3 {[%clk 0:26:35]} 27. gxf5 {[%clk 0:31:12]} gxf5
{[%clk 0:26:35]} 28. h4 {[%clk 0:31:24]} R3c7 {[%clk 0:17:04]} 29. h5
{[%clk 0:31:32]} Ba8 {[%clk 0:16:18]} 30. h6 {[%clk 0:31:09]} Bb7
{[%clk 0:15:46]} 31. Rg5 {[%clk 0:21:50]} Rf7 {[%clk 0:13:10]} 32. Rg7
{[%clk 0:21:39]} Rfc7 {[%clk 0:13:28]} 33. Be2 {[%clk 0:20:15]} Ba8
{[%clk 0:11:39]} 34. Bd3 {[%clk 0:17:42]} Bb7 {[%clk 0:11:13]} 35. R1g5
{[%clk 0:16:18]} Ba8 {[%clk 0:10:21]} 36. Ke3 {[%clk 0:12:19]} d4+
{[%clk 0:09:09]} 37. Kxd4 {[%clk 0:12:37]} Bd5 {[%clk 0:09:14]} 38. Rxc7
{[%clk 0:09:31]} Rxc7 {[%clk 0:09:32]} 39. Rxf5 {[%clk 0:09:40]} exf5
{[%clk 0:08:39]} 40. Kxd5 {[%clk 0:10:02]} Kg8 {[%clk 0:07:25]} 41. Kd6
{[%clk 0:09:50]} Rb7 {[%clk 0:07:17]} 42. Bxf5 {[%clk 0:09:48]} Kf8
{[%clk 0:06:01]} 43. e6 {[%clk 0:09:59]} Re7 {[%clk 0:05:01]} 44. Be4
{[%clk 0:10:12]} Re8 {[%clk 0:04:17]} 45. Bc6 {[%clk 0:10:26]} 1-0

[Event "EYCC 2024 - G14"]
[Site "?"]
[Date "2024.08.23"]
[Round "2.3"]
[White "Tokarz, Gabriela"]
[Black "Mgeladze, Kesaria"]
[Result "0-1"]
[BlackElo "2152"]
[WhiteElo "1845"]
[LiveChessVersion "1.4.8"]

1. d4 {[%clk 1:30:58]} Nf6 {[%clk 1:30:56]} 2. c4 {[%clk 1:31:17]} g6
{[%clk 1:31:21]} 3. Nc3 {[%clk 1:31:43]} Bg7 {[%clk 1:31:48]} 4. e4
{[%clk 1:32:06]} d6 {[%clk 1:32:14]} 5. Nf3 {[%clk 1:32:32]} O-O {[%clk 1:32:13]}
6. Be2 {[%clk 1:32:57]} e5 {[%clk 1:31:58]} 7. O-O {[%clk 1:33:17]} Nc6
{[%clk 1:31:32]} 8. d5 {[%clk 1:33:41]} Ne7 {[%clk 1:31:54]} 9. Ne1
{[%clk 1:34:02]} Nd7 {[%clk 1:30:34]} 10. Be3 {[%clk 1:34:11]} f5
{[%clk 1:29:57]} 11. f3 {[%clk 1:34:34]} f4 {[%clk 1:28:31]} 12. Bf2
{[%clk 1:34:58]} Nf6 {[%clk 1:21:11]} 13. Nd3 {[%clk 1:33:55]} h5
{[%clk 1:14:42]} 14. c5 {[%clk 1:32:04]} g5 {[%clk 1:13:53]} 15. Rc1
{[%clk 1:31:55]} g4 {[%clk 0:49:04]} 16. cxd6 {[%clk 1:27:33]} cxd6
{[%clk 0:49:30]} 17. Kh1 {[%clk 1:22:36]} Ng6 {[%clk 0:42:47]} 18. Nb5
{[%clk 1:18:25]} Rf7 {[%clk 0:43:10]} 19. Qc2 {[%clk 1:18:09]} Ne8
{[%clk 0:43:09]} 20. Qb3 {[%clk 1:05:01]} a6 {[%clk 0:36:37]} 21. Na3
{[%clk 1:05:19]} Qg5 {[%clk 0:36:08]} 22. Nc4 {[%clk 1:02:30]} Bd7
{[%clk 0:20:59]} 23. Qxb7 {[%clk 0:51:59]} Rd8 {[%clk 0:20:46]} 24. Bb6
{[%clk 0:47:24]} Rc8 {[%clk 0:19:02]} 25. Ncxe5 {[%clk 0:37:57]} Nxe5
{[%clk 0:16:00]} 26. Nxe5 {[%clk 0:37:31]} Qxe5 {[%clk 0:13:45]} 27. Rxc8
{[%clk 0:37:46]} Qxb2 {[%clk 0:13:13]} 28. Bxa6 {[%clk 0:33:18]} gxf3
{[%clk 0:13:36]} 29. gxf3 {[%clk 0:31:23]} Bh3 {[%clk 0:13:11]} 30. Rxe8+
{[%clk 0:31:16]} Kh7 {[%clk 0:13:39]} 31. Rg1 {[%clk 0:31:26]} Rxb7
{[%clk 0:13:47]} 32. Bxb7 {[%clk 0:31:42]} Qe2 {[%clk 0:13:08]} 0-1

[Event "EYCC 2024 - G14"]
[Site "?"]
[Date "2024.08.23"]
[Round "2.4"]
[White "Smietanska, Wiktoria"]
[Black "Aldea, Maria-Antonia"]
[Result "1-0"]
[BlackElo "1827"]
[WhiteElo "2143"]
[LiveChessVersion "1.4.8"]

1. e4 {[%clk 1:30:57]} c5 {[%clk 1:30:53]} 2. Nf3 {[%clk 1:31:18]} e6
{[%clk 1:31:14]} 3. d4 {[%clk 1:31:39]} cxd4 {[%clk 1:31:35]} 4. Nxd4
{[%clk 1:32:05]} Nf6 {[%clk 1:31:57]} 5. Nc3 {[%clk 1:32:27]} d6 {[%clk 1:32:22]}
6. f4 {[%clk 1:31:55]} a6 {[%clk 1:30:16]} 7. Qf3 {[%clk 1:30:07]} Qc7 8. g4
{[%clk 1:27:51]} Nc6 {[%clk 1:20:17]} 9. Be3 {[%clk 1:03:07]} Nxd4
{[%clk 1:12:39]} 10. Bxd4 {[%clk 1:03:34]} e5 {[%clk 1:12:35]} 11. Be3
{[%clk 1:01:49]} Bxg4 {[%clk 1:12:03]} 12. Qg2 {[%clk 0:49:16]} Bd7
{[%clk 1:03:17]} 13. O-O-O {[%clk 0:42:14]} b5 {[%clk 1:00:24]} 14. Nd5
{[%clk 0:38:44]} Nxd5 {[%clk 0:58:04]} 15. exd5 {[%clk 0:39:08]} Rc8
{[%clk 0:57:11]} 16. Bd3 {[%clk 0:34:10]} g6 {[%clk 0:50:08]} 17. Rhf1
{[%clk 0:31:20]} f5 {[%clk 0:48:13]} 18. fxe5 {[%clk 0:28:29]} dxe5
{[%clk 0:47:48]} 19. Rd2 {[%clk 0:17:46]} Be7 {[%clk 0:37:48]} 20. Bh6
{[%clk 0:13:02]} Bf6 {[%clk 0:27:33]} 21. d6 {[%clk 0:10:46]} Qb6
{[%clk 0:23:27]} 22. Be4 {[%clk 0:09:40]} Qd8 {[%clk 0:18:35]} 23. Bb7
{[%clk 0:08:59]} Rb8 {[%clk 0:15:48]} 24. Bd5 {[%clk 0:09:19]} g5
{[%clk 0:13:54]} 25. Qh3 {[%clk 0:05:43]} Qb6 {[%clk 0:13:55]} 26. Qh5+
{[%clk 0:05:48]} Kd8 {[%clk 0:14:22]} 27. Qf7 {[%clk 0:05:49]} Re8
{[%clk 0:13:58]} 28. Qxf6+ {[%clk 0:06:10]} Kc8 {[%clk 0:14:26]} 29. Bf7
{[%clk 0:05:49]} Rd8 {[%clk 0:14:35]} 30. Bxg5 {[%clk 0:05:50]} Kb7
{[%clk 0:15:00]} 31. Qxe5 {[%clk 0:05:55]} Rdc8 {[%clk 0:15:05]} 32. Bd5+
{[%clk 0:06:16]} Bc6 {[%clk 0:15:29]} 33. d7 {[%clk 0:06:28]} 1-0

[Event "EYCC 2024 - G14"]
[Site "?"]
[Date "2024.08.23"]
[Round "2.5"]
[White "Kalandadze, Mariam"]
[Black "Li, Anna Sofie"]
[Result "0-1"]
[BlackElo "2032"]
[WhiteElo "1826"]
[LiveChessVersion "1.4.8"]

1. d4 {[%clk 1:30:58]} d5 {[%clk 1:30:54]} 2. c4 {[%clk 1:31:23]} c6
{[%clk 1:31:18]} 3. Nf3 {[%clk 1:31:44]} Nf6 {[%clk 1:31:41]} 4. Nc3
{[%clk 1:32:09]} e6 {[%clk 1:32:04]} 5. e3 {[%clk 1:32:31]} Nbd7 {[%clk 1:32:21]}
6. Qc2 {[%clk 1:32:55]} Bd6 {[%clk 1:32:14]} 7. Bd3 {[%clk 1:33:19]} dxc4
{[%clk 1:32:06]} 8. Bxc4 {[%clk 1:33:45]} b5 {[%clk 1:31:53]} 9. Bd3
{[%clk 1:34:07]} Bb7 {[%clk 1:31:14]} 10. O-O {[%clk 1:33:55]} O-O
{[%clk 1:31:15]} 11. h3 {[%clk 1:33:14]} a6 {[%clk 1:30:26]} 12. e4
{[%clk 1:31:57]} e5 {[%clk 1:30:25]} 13. dxe5 {[%clk 1:31:10]} Nxe5
{[%clk 1:30:34]} 14. Nxe5 {[%clk 1:31:23]} Bxe5 {[%clk 1:30:54]} 15. Be3
{[%clk 1:27:44]} Re8 {[%clk 1:17:48]} 16. Ne2 {[%clk 1:04:26]} c5
{[%clk 1:07:16]} 17. Rad1 {[%clk 0:57:55]} c4 {[%clk 0:39:22]} 18. Bxc4
{[%clk 0:57:53]} Bxe4 {[%clk 0:39:25]} 19. Bd3 {[%clk 0:56:21]} Bxd3
{[%clk 0:37:07]} 20. Rxd3 {[%clk 0:55:32]} Qe7 {[%clk 0:33:09]} 21. Rfd1
{[%clk 0:35:19]} Rac8 {[%clk 0:25:49]} 22. Qb3 {[%clk 0:34:58]} Ne4
{[%clk 0:18:44]} 23. Rd7 {[%clk 0:23:40]} Qf6 {[%clk 0:18:35]} 24. Qd5
{[%clk 0:07:07]} Bxb2 {[%clk 0:10:22]} 25. f3 {[%clk 0:04:13]} Nc3
{[%clk 0:06:11]} 26. Nxc3 {[%clk 0:04:40]} Bxc3 {[%clk 0:06:12]} 27. Bg5
{[%clk 0:01:30]} Qe6 {[%clk 0:05:04]} 28. Qb7 {[%clk 0:01:20]} h6
{[%clk 0:04:00]} 29. Bh4 {[%clk 0:01:24]} Qxa2 {[%clk 0:03:11]} 30. R1d5
{[%clk 0:00:42]} Be5 {[%clk 0:01:25]} 31. Rxe5 {[%clk 0:00:41]} Qa1+
{[%clk 0:01:18]} 32. Re1 {[%clk 0:00:33]} Rxe1+ {[%clk 0:01:35]} 33. Bxe1
{[%clk 0:01:01]} Qxe1+ {[%clk 0:01:57]} 34. Kh2 {[%clk 0:01:29]} Qe5+
{[%clk 0:02:17]} 0-1

[Event "EYCC 2024 - G14"]
[Site "?"]
[Date "2024.08.23"]
[Round "2.6"]
[White "Zagorac, Lara"]
[Black "Balazs, Szabina Zoe"]
[Result "1/2-1/2"]
[BlackElo "1818"]
[WhiteElo "2012"]
[LiveChessVersion "1.4.8"]

1. d4 {[%clk 1:30:57]} Nf6 {[%clk 1:30:53]} 2. Nf3 {[%clk 1:31:13]} e6
{[%clk 1:31:03]} 3. c4 {[%clk 1:31:33]} Bb4+ {[%clk 1:31:18]} 4. Bd2
{[%clk 1:31:46]} Be7 {[%clk 1:31:26]} 5. g3 {[%clk 1:32:02]} d5 {[%clk 1:31:22]}
6. Qc2 {[%clk 1:32:11]} O-O {[%clk 1:28:44]} 7. Bg2 {[%clk 1:32:25]} Nbd7
{[%clk 1:28:25]} 8. O-O {[%clk 1:32:26]} c5 {[%clk 1:26:04]} 9. cxd5
{[%clk 1:22:33]} Nxd5 {[%clk 1:25:17]} 10. e4 {[%clk 1:21:23]} N5f6
{[%clk 1:19:18]} 11. Bc3 {[%clk 1:07:43]} Rb8 {[%clk 1:01:34]} 12. Rd1
{[%clk 1:03:31]} Qc7 {[%clk 1:00:07]} 13. Na3 {[%clk 0:40:54]} b5
{[%clk 0:51:59]} 14. dxc5 {[%clk 0:32:21]} Qxc5 {[%clk 0:50:09]} 15. Bxf6
{[%clk 0:25:00]} Nxf6 {[%clk 0:38:49]} 16. Nd4 {[%clk 0:22:05]} Qxc2
{[%clk 0:34:26]} 17. Naxc2 {[%clk 0:22:07]} Bb7 {[%clk 0:33:16]} 18. e5
{[%clk 0:19:24]} Ng4 {[%clk 0:27:50]} 19. Re1 {[%clk 0:12:33]} Rfc8
{[%clk 0:23:21]} 20. h3 {[%clk 0:12:11]} Nh6 {[%clk 0:22:37]} 21. Rac1
{[%clk 0:11:19]} a6 {[%clk 0:14:56]} 22. Na1 {[%clk 0:08:32]} Bxg2
{[%clk 0:13:10]} 23. Kxg2 {[%clk 0:08:52]} Bf8 {[%clk 0:11:33]} 24. Nab3
{[%clk 0:07:46]} Rc4 {[%clk 0:09:44]} 25. Nc6 {[%clk 0:06:34]} Rb6
{[%clk 0:09:43]} 26. Nba5 {[%clk 0:06:22]} Ra4 {[%clk 0:09:35]} 27. a3
{[%clk 0:05:52]} g6 {[%clk 0:09:40]} 28. g4 {[%clk 0:05:39]} Kg7 {[%clk 0:08:57]}
29. Kf3 {[%clk 0:05:05]} b4 {[%clk 0:08:10]} 30. Rc4 {[%clk 0:04:21]} Rb5
{[%clk 0:06:53]} 31. axb4 {[%clk 0:02:48]} Ra2 {[%clk 0:05:59]} 32. Re2
{[%clk 0:02:32]} Bxb4 {[%clk 0:05:57]} 33. Rxb4 {[%clk 0:02:29]} Rxb4
{[%clk 0:06:17]} 34. Nxb4 {[%clk 0:02:55]} Rxa5 {[%clk 0:06:44]} 35. Re4
{[%clk 0:02:19]} Ra1 {[%clk 0:05:21]} 36. Ke2 {[%clk 0:02:09]} a5
{[%clk 0:05:10]} 37. Nd3 {[%clk 0:02:22]} a4 {[%clk 0:04:08]} 38. Rd4
{[%clk 0:01:06]} a3 {[%clk 0:04:15]} 39. bxa3 {[%clk 0:01:32]} Rxa3
{[%clk 0:04:41]} 40. Rd7 {[%clk 0:01:44]} Ra5 {[%clk 0:04:08]} 41. f4
{[%clk 0:01:29]} Ra2+ {[%clk 0:03:10]} 42. Kf3 {[%clk 0:01:42]} Rd2
{[%clk 0:02:16]} 43. Ke3 {[%clk 0:01:27]} Rh2 {[%clk 0:02:38]} 44. Nf2
{[%clk 0:01:52]} Rg2 {[%clk 0:02:48]} 45. Kf3 {[%clk 0:01:22]} Rg1
{[%clk 0:03:12]} 46. Ne4 {[%clk 0:01:35]} Rh1 {[%clk 0:02:33]} 47. Kg2
{[%clk 0:01:46]} Ra1 {[%clk 0:02:42]} 48. Nd6 {[%clk 0:01:42]} Ra2+
{[%clk 0:02:37]} 49. Kg1 {[%clk 0:01:29]} Ra3 {[%clk 0:01:41]} 50. g5
{[%clk 0:01:44]} Nf5 {[%clk 0:01:59]} 51. Nxf7 {[%clk 0:01:26]} Rxh3
{[%clk 0:01:24]} 52. Nd8+ {[%clk 0:01:29]} Kg8 {[%clk 0:01:25]} 53. Nxe6
{[%clk 0:01:35]} Rh4 {[%clk 0:01:31]} 54. Kf2 {[%clk 0:00:58]} Rh2+
{[%clk 0:00:50]} 55. Kf3 {[%clk 0:00:47]} Rh3+ {[%clk 0:01:01]} 56. Ke2
{[%clk 0:00:54]} h6 {[%clk 0:00:49]} 57. gxh6 {[%clk 0:00:55]} Rxh6
{[%clk 0:01:11]} 58. Rd8+ {[%clk 0:01:08]} Kf7 {[%clk 0:01:04]} 59. Ng5+
{[%clk 0:01:22]} Ke7 {[%clk 0:01:18]} 60. Ra8 {[%clk 0:01:39]} Rh4
{[%clk 0:01:00]} 61. Ra7+ {[%clk 0:01:56]} Ke8 {[%clk 0:01:14]} 62. Kf3
{[%clk 0:02:06]} Rh1 {[%clk 0:01:32]} 63. Ke4 {[%clk 0:02:22]} Re1+
{[%clk 0:01:48]} 64. Kd5 {[%clk 0:02:13]} Rf1 {[%clk 0:01:33]} 65. Ra4
{[%clk 0:01:41]} Rb1 {[%clk 0:01:00]} 66. Ne4 {[%clk 0:00:59]} Ke7
{[%clk 0:00:39]} 67. Ra7+ {[%clk 0:01:20]} Kd8 {[%clk 0:00:52]} 68. Nd6
{[%clk 0:00:45]} Rb4 {[%clk 0:00:42]} 69. Nxf5 {[%clk 0:00:46]} gxf5
{[%clk 0:01:04]} 70. Ra8+ {[%clk 0:00:54]} Ke7 {[%clk 0:01:15]} 71. Ra7+
{[%clk 0:01:17]} Kd8 {[%clk 0:01:30]} 72. Ke6 {[%clk 0:01:32]} Rxf4
{[%clk 0:01:39]} 73. Kf7 {[%clk 0:01:57]} Rh4 {[%clk 0:00:50]} 74. Ra8+
{[%clk 0:01:55]} Kd7 {[%clk 0:00:37]} 75. e6+ {[%clk 0:02:18]} Kd6
{[%clk 0:00:59]} 76. Rd8+ {[%clk 0:01:09]} Ke5 {[%clk 0:00:58]} 77. e7
{[%clk 0:00:43]} Rh7+ {[%clk 0:00:44]} 78. Kf8 {[%clk 0:01:00]} Rxe7
{[%clk 0:00:32]} 79. Kxe7 {[%clk 0:01:28]} f4 {[%clk 0:00:50]} 80. Kf7
{[%clk 0:01:53]} f3 {[%clk 0:00:48]} 81. Kg6 {[%clk 0:02:16]} Kf4
{[%clk 0:01:00]} 82. Kh5 {[%clk 0:02:14]} Kg3 {[%clk 0:00:39]} 83. Rd3
{[%clk 0:00:56]} Kg2 {[%clk 0:00:47]} 84. Kg4 {[%clk 0:01:25]} f2
{[%clk 0:00:53]} 85. Rg3+ {[%clk 0:00:49]} Kh2 {[%clk 0:00:39]} 86. Rh3+
{[%clk 0:01:00]} Kg2 {[%clk 0:01:03]} 87. Rg3+ {[%clk 0:01:24]} Kh2
{[%clk 0:01:27]} 88. Rf3 {[%clk 0:01:01]} Kg2 {[%clk 0:01:51]} 89. Rg3+
{[%clk 0:01:10]} Kh2 {[%clk 0:02:15]} 90. Rf3 {[%clk 0:01:14]} Kg2
{[%clk 0:02:40]} 91. Rxf2+ {[%clk 0:01:42]} Kxf2 {[%clk 0:03:04]} 1/2-1/2

[Event "EYCC 2024 - G14"]
[Site "?"]
[Date "2024.08.23"]
[Round "2.7"]
[White "Wieczorek, Maja"]
[Black "Bernard, Ines"]
[Result "0-1"]
[BlackElo "2005"]
[WhiteElo "1818"]
[LiveChessVersion "1.4.8"]

1. e4 {[%clk 1:30:58]} c5 {[%clk 1:30:58]} 2. Nf3 {[%clk 1:31:20]} Nc6
{[%clk 1:31:28]} 3. b3 {[%clk 1:31:40]} Nf6 {[%clk 1:28:57]} 4. e5
{[%clk 1:22:12]} Nd5 {[%clk 1:25:33]} 5. g3 {[%clk 1:15:44]} g6 {[%clk 1:22:57]}
6. Bg2 {[%clk 1:14:03]} Bg7 {[%clk 1:19:41]} 7. Qe2 {[%clk 1:11:42]} Nc7
{[%clk 1:15:58]} 8. c3 {[%clk 1:06:35]} d6 {[%clk 1:13:51]} 9. exd6
{[%clk 1:02:33]} Qxd6 {[%clk 1:14:01]} 10. Ba3 {[%clk 0:39:33]} b5
{[%clk 1:07:40]} 11. Nd4 {[%clk 0:01:16]} Bxd4 {[%clk 0:55:34]} 12. cxd4
{[%clk 0:00:59]} Nxd4 {[%clk 0:53:37]} 13. Qd3 {[%clk 0:01:01]} Bf5
{[%clk 0:53:23]} 14. Be4 {[%clk 0:01:09]} Qe5 {[%clk 0:51:34]} 15. Nc3
{[%clk 0:00:53]} Bxe4 {[%clk 0:48:31]} 16. Nxe4 {[%clk 0:01:10]} c4
{[%clk 0:46:53]} 17. bxc4 {[%clk 0:01:28]} bxc4 {[%clk 0:47:22]} 18. Qb1
{[%clk 0:00:52]} f5 {[%clk 0:45:36]} 19. Bb2 {[%clk 0:01:07]} Rb8
{[%clk 0:45:18]} 20. Kf1 {[%clk 0:00:31]} fxe4 {[%clk 0:42:45]} 21. Qc1
{[%clk 0:00:32]} Nce6 {[%clk 0:42:58]} 22. Qc3 {[%clk 0:00:31]} O-O
{[%clk 0:42:33]} 23. Re1 {[%clk 0:00:33]} Qf5 {[%clk 0:42:29]} 0-1

[Event "EYCC 2024 - G14"]
[Site "?"]
[Date "2024.08.23"]
[Round "2.8"]
[White "Koghuashvili, Tekla"]
[Black "Alfano, Emilie"]
[Result "0-1"]
[BlackElo "1990"]
[WhiteElo "1805"]
[LiveChessVersion "1.4.8"]

1. d4 {[%clk 1:30:59]} d5 {[%clk 1:30:54]} 2. c4 {[%clk 1:31:24]} e6
{[%clk 1:31:20]} 3. Nf3 {[%clk 1:31:50]} Nf6 {[%clk 1:31:46]} 4. g3
{[%clk 1:32:14]} Be7 {[%clk 1:32:05]} 5. Bg2 {[%clk 1:32:39]} O-O
{[%clk 1:32:29]} 6. O-O {[%clk 1:32:57]} dxc4 {[%clk 1:32:55]} 7. Qc2
{[%clk 1:33:20]} a6 {[%clk 1:33:21]} 8. a4 {[%clk 1:33:44]} Bd7 {[%clk 1:33:04]}
9. Qxc4 {[%clk 1:34:02]} Bc6 {[%clk 1:33:17]} 10. Nc3 {[%clk 1:34:22]} Nbd7
{[%clk 1:27:18]} 11. Bg5 {[%clk 1:33:58]} h6 {[%clk 1:20:30]} 12. Bxf6
{[%clk 1:33:11]} Nxf6 {[%clk 1:20:35]} 13. Rfd1 {[%clk 1:30:49]} Bd6
{[%clk 1:06:44]} 14. Ne5 {[%clk 1:26:26]} Bxg2 {[%clk 1:06:03]} 15. Kxg2
{[%clk 1:26:50]} Qe7 {[%clk 1:06:06]} 16. a5 {[%clk 1:15:45]} c5 {[%clk 0:56:47]}
17. Na4 {[%clk 1:06:37]} cxd4 {[%clk 0:54:10]} 18. Qxd4 {[%clk 1:06:57]} Rfd8
{[%clk 0:54:16]} 19. Ng4 {[%clk 0:57:55]} Nd5 {[%clk 0:48:55]} 20. e4
{[%clk 0:53:19]} Nb4 {[%clk 0:47:36]} 21. Qc3 {[%clk 0:49:33]} Rac8
{[%clk 0:45:18]} 22. Qb3 {[%clk 0:49:50]} Bc7 {[%clk 0:41:24]} 23. Nc3
{[%clk 0:42:41]} Rxd1 {[%clk 0:35:10]} 24. Nxd1 {[%clk 0:40:41]} Qc5
{[%clk 0:34:48]} 25. Qa3 {[%clk 0:33:47]} Rd8 {[%clk 0:27:13]} 26. Nge3
{[%clk 0:28:32]} Rd2 {[%clk 0:23:53]} 27. b3 {[%clk 0:26:52]} Qd4
{[%clk 0:21:42]} 28. Qc1 {[%clk 0:24:05]} Nd3 {[%clk 0:17:35]} 29. Qa3
{[%clk 0:15:39]} Qxe4+ {[%clk 0:16:43]} 30. Kg1 {[%clk 0:15:47]} Nxf2
{[%clk 0:15:35]} 31. Nxf2 {[%clk 0:15:50]} Qxe3 {[%clk 0:16:00]} 32. Rf1
{[%clk 0:16:13]} Bxg3 {[%clk 0:16:09]} 33. hxg3 {[%clk 0:16:28]} Qxg3+
{[%clk 0:16:35]} 34. Kh1 {[%clk 0:16:51]} Rxf2 {[%clk 0:16:57]} 35. Rxf2
{[%clk 0:17:14]} Qxf2 {[%clk 0:17:23]} 36. Qe7 {[%clk 0:16:57]} Qf3+
{[%clk 0:17:41]} 37. Kh2 {[%clk 0:17:16]} g5 {[%clk 0:17:56]} 38. Qd8+
{[%clk 0:17:30]} Kh7 {[%clk 0:18:10]} 39. Qc7 {[%clk 0:17:40]} Qf4+
{[%clk 0:18:34]} 0-1

[Event "EYCC 2024 - G14"]
[Site "?"]
[Date "2024.08.23"]
[Round "2.9"]
[White "Huseynova, Lala"]
[Black "Horkova, Tereza"]
[Result "1-0"]
[BlackElo "1805"]
[WhiteElo "1984"]
[LiveChessVersion "1.4.8"]

1. e4 {[%clk 1:30:56]} c5 {[%clk 1:30:51]} 2. Nf3 {[%clk 1:31:22]} Nc6
{[%clk 1:31:12]} 3. d4 {[%clk 1:31:45]} cxd4 {[%clk 1:31:22]} 4. Nxd4
{[%clk 1:32:08]} e5 {[%clk 1:31:41]} 5. Nb5 {[%clk 1:31:30]} a6 {[%clk 1:31:43]}
6. Nd6+ {[%clk 1:30:50]} Bxd6 {[%clk 1:31:57]} 7. Qxd6 {[%clk 1:31:15]} Qe7
{[%clk 1:32:12]} 8. Qd1 {[%clk 1:26:58]} Nf6 {[%clk 1:30:44]} 9. Nc3
{[%clk 1:24:45]} d6 {[%clk 1:30:23]} 10. Bg5 {[%clk 1:18:32]} Be6
{[%clk 1:30:36]} 11. Qd2 {[%clk 1:17:58]} O-O {[%clk 1:26:25]} 12. Bd3
{[%clk 1:04:44]} h6 {[%clk 1:11:33]} 13. Bh4 {[%clk 1:00:38]} Rac8
{[%clk 1:02:13]} 14. Nd5 {[%clk 0:57:53]} Bxd5 {[%clk 1:02:19]} 15. exd5
{[%clk 0:58:20]} e4 {[%clk 0:51:15]} 16. Be2 {[%clk 0:46:55]} Ne5
{[%clk 0:49:06]} 17. O-O {[%clk 0:44:49]} g5 {[%clk 0:36:39]} 18. Bg3
{[%clk 0:43:26]} Nfd7 {[%clk 0:31:06]} 19. f4 {[%clk 0:33:11]} exf3
{[%clk 0:30:42]} 20. gxf3 {[%clk 0:33:05]} Nc4 {[%clk 0:19:34]} 21. Bxc4
{[%clk 0:30:57]} Rxc4 {[%clk 0:20:02]} 22. Rae1 {[%clk 0:28:39]} Qf6
{[%clk 0:19:33]} 23. c3 {[%clk 0:26:40]} h5 {[%clk 0:17:41]} 24. b3
{[%clk 0:15:36]} Rcc8 {[%clk 0:13:26]} 25. Re4 {[%clk 0:10:58]} h4
{[%clk 0:11:34]} 26. Bf2 {[%clk 0:10:14]} Ne5 {[%clk 0:11:37]} 27. Bd4
{[%clk 0:10:14]} Kh7 {[%clk 0:10:29]} 28. f4 {[%clk 0:08:19]} gxf4
{[%clk 0:08:12]} 29. Qxf4 {[%clk 0:07:43]} Qg6+ {[%clk 0:03:13]} 30. Kh1
{[%clk 0:08:01]} h3 {[%clk 0:03:07]} 31. Rg1 {[%clk 0:06:54]} 1-0